| 000 | 00822nam a22003130a 4500 | ||
|---|---|---|---|
| 001 | PT35589 | ||
| 003 | AR-LpoUNG | ||
| 005 | 20210131230318.0 | ||
| 008 | 191001s2009||||ag |||||||||||||||||spa d | ||
| 020 |
_a9789871421190 _c$61.50 |
||
| 040 |
_aAR-LpoUNG _bspa _cAR-LpoUNG _eaacr |
||
| 041 | _aspa | ||
| 044 | _aag | ||
| 082 | 0 | _a982.024 254hac | |
| 100 | 1 | _aHarari, Fabián | |
| 245 | 1 | 0 |
_aHacendados en armas : _bel Cuerpo de Patricios, de las invasiones inglesas a la revolución 1806-1810 |
| 250 | _a1ª edición | ||
| 260 |
_aBuenos Aires : _bR y R, _c2009. |
||
| 300 |
_a338 p. : _bil. |
||
| 650 | 4 | _aANALISIS HISTORICO | |
| 650 | 4 | _aARGENTINA | |
| 650 | 4 | _aGUERRA | |
| 650 | 4 | _aHISTORIA | |
| 650 | 4 | _aREINO UNIDO | |
| 650 | 4 | _aREVOLUCION | |
| 651 | 4 | _aArgentina | |
| 905 | _a35589 | ||
| 942 | _cLIB | ||
| 999 |
_c2746 _d2746 |
||